Protocolo de interconexión entre ATM y Frame Relay e implementación de una red híbrida
Збережено в:
| Автор: | |
|---|---|
| Формат: | Книга |
| Опубліковано: |
San José, C.R
1997
|
| Предмети: | |
| Теги: |
Додати тег
Немає тегів, Будьте першим, хто поставить тег для цього запису!
|
MARC
| LEADER | 00000nam a2200000Ia 4500 | ||
|---|---|---|---|
| 003 | 008371 | ||
| 005 | 20221231144226.0 | ||
| 008 | 140114s1997 cr a m 000 ||s d | ||
| 040 | |c cru CEDI | ||
| 090 | |a TFG 3774 | ||
| 100 | |a Solano López, Luis Carlos |9 5677 | ||
| 245 | |a Protocolo de interconexión entre ATM y Frame Relay e implementación de una red híbrida | ||
| 260 | |c 1997 |a San José, C.R | ||
| 300 | |a x, 80 hojas : ilustraciones | ||
| 500 | |a Proyecto de graduación (bachiller)--Universidad de Costa Rica. Facultad de Ingeniería. Escuela de Ingeniería Eléctrica | ||
| 650 | |x COMPUTADORAS HIBRIDAS |x FRAME RELAY (TRANSMISION DE DATOS) |x SISTEMAS DE TELECOMUNICACION |9 9174 | ||
| 942 | |c TFG | ||
| 999 | |c 18699 |d 18699 | ||
